<?xml version="1.0" encoding="UTF-8"?>
<record
    xmlns:xsi="http://www.w3.org/2001/XMLSchema-instance"
    xsi:schemaLocation="http://www.loc.gov/MARC21/slim http://www.loc.gov/standards/marcxml/schema/MARC21slim.xsd"
    xmlns="http://www.loc.gov/MARC21/slim">

  <leader>00407nam a22001457a 4500</leader>
  <controlfield tag="005">20260109103023.0</controlfield>
  <controlfield tag="008">260109b        |||||||| |||| 00| 0 eng d</controlfield>
  <datafield tag="020" ind1=" " ind2=" ">
    <subfield code="a">978-3-0365-8391-4</subfield>
  </datafield>
  <datafield tag="100" ind1=" " ind2=" ">
    <subfield code="a">OLIVIERI, ANNAMARIA</subfield>
  </datafield>
  <datafield tag="245" ind1=" " ind2=" ">
    <subfield code="a">ACTUARIAL MATHEMATICS AND RISK MANAGEMENT</subfield>
  </datafield>
  <datafield tag="260" ind1=" " ind2=" ">
    <subfield code="a">BASEL</subfield>
    <subfield code="b">MDPI</subfield>
    <subfield code="c">2023</subfield>
  </datafield>
  <datafield tag="300" ind1=" " ind2=" ">
    <subfield code="a">IX, 214P.</subfield>
  </datafield>
  <datafield tag="650" ind1=" " ind2=" ">
    <subfield code="a">1. ACTUARIAL SCIENCE 2. RISK MANAGEMENT</subfield>
  </datafield>
  <datafield tag="942" ind1=" " ind2=" ">
    <subfield code="2">lcc</subfield>
    <subfield code="c">BK</subfield>
  </datafield>
  <datafield tag="999" ind1=" " ind2=" ">
    <subfield code="c">216438</subfield>
    <subfield code="d">216438</subfield>
  </datafield>
  <datafield tag="952" ind1=" " ind2=" ">
    <subfield code="0">0</subfield>
    <subfield code="1">0</subfield>
    <subfield code="2">lcc</subfield>
    <subfield code="4">0</subfield>
    <subfield code="6">HG0878 A258  02023</subfield>
    <subfield code="7">0</subfield>
    <subfield code="8">BUS</subfield>
    <subfield code="9">374415</subfield>
    <subfield code="a">KSUL</subfield>
    <subfield code="b">KSUL</subfield>
    <subfield code="c">DISPLAY</subfield>
    <subfield code="d">2026-01-09</subfield>
    <subfield code="i">110799</subfield>
    <subfield code="l">0</subfield>
    <subfield code="o">HG 878 .A258 2023</subfield>
    <subfield code="p">000000023885</subfield>
    <subfield code="r">2026-01-09 10:33:21</subfield>
    <subfield code="t">C.1</subfield>
    <subfield code="w">2026-01-09</subfield>
    <subfield code="y">BK</subfield>
  </datafield>
  <datafield tag="952" ind1=" " ind2=" ">
    <subfield code="0">0</subfield>
    <subfield code="1">0</subfield>
    <subfield code="2">lcc</subfield>
    <subfield code="4">0</subfield>
    <subfield code="6">HG0878 A258  02023</subfield>
    <subfield code="7">0</subfield>
    <subfield code="8">BUS</subfield>
    <subfield code="9">374416</subfield>
    <subfield code="a">KSUL</subfield>
    <subfield code="b">KSUL</subfield>
    <subfield code="c">DISPLAY</subfield>
    <subfield code="d">2026-01-09</subfield>
    <subfield code="i">110800</subfield>
    <subfield code="l">0</subfield>
    <subfield code="o">HG 878 .A258 2023</subfield>
    <subfield code="p">000000024767</subfield>
    <subfield code="r">2026-01-09 10:33:00</subfield>
    <subfield code="t">C.2</subfield>
    <subfield code="w">2026-01-09</subfield>
    <subfield code="y">BK</subfield>
  </datafield>
  <datafield tag="952" ind1=" " ind2=" ">
    <subfield code="0">0</subfield>
    <subfield code="1">0</subfield>
    <subfield code="2">lcc</subfield>
    <subfield code="4">0</subfield>
    <subfield code="6">HG0878 A258  02023</subfield>
    <subfield code="7">0</subfield>
    <subfield code="8">BUS</subfield>
    <subfield code="9">374417</subfield>
    <subfield code="a">KSUL</subfield>
    <subfield code="b">KSUL</subfield>
    <subfield code="c">DISPLAY</subfield>
    <subfield code="d">2026-01-09</subfield>
    <subfield code="i">110801</subfield>
    <subfield code="l">0</subfield>
    <subfield code="o">HG 878 .A258 2023</subfield>
    <subfield code="p">000000024766</subfield>
    <subfield code="r">2026-01-09 10:33:00</subfield>
    <subfield code="t">C.3</subfield>
    <subfield code="w">2026-01-09</subfield>
    <subfield code="y">BK</subfield>
  </datafield>
  <datafield tag="952" ind1=" " ind2=" ">
    <subfield code="0">0</subfield>
    <subfield code="1">0</subfield>
    <subfield code="2">lcc</subfield>
    <subfield code="4">0</subfield>
    <subfield code="6">HG0878 A258  02023</subfield>
    <subfield code="7">0</subfield>
    <subfield code="8">BUS</subfield>
    <subfield code="9">374418</subfield>
    <subfield code="a">KSUL</subfield>
    <subfield code="b">KSUL</subfield>
    <subfield code="c">DISPLAY</subfield>
    <subfield code="d">2026-01-09</subfield>
    <subfield code="i">110802</subfield>
    <subfield code="l">0</subfield>
    <subfield code="o">HG 878 .A258 2023</subfield>
    <subfield code="p">000000024765</subfield>
    <subfield code="r">2026-01-09 10:33:00</subfield>
    <subfield code="t">C.4</subfield>
    <subfield code="w">2026-01-09</subfield>
    <subfield code="y">BK</subfield>
  </datafield>
</record>
